| 000 | 00494 a2200169 4500 | ||
|---|---|---|---|
| 999 |
_c3055 _d3055 |
||
| 020 | _a9788120321632 | ||
| 050 | _aHD 38.5 BLO 2002 | ||
| 100 | _aBloomberg, David J. | ||
| 245 |
_aLogistics / _cDavid J. Bloomberg, Stephen Lemay and Joe B. Hanna |
||
| 264 |
_aNew Delhi: _bPrentice-Hall, _c2002 |
||
| 300 |
_axviii,310p. : _bill.; |
||
| 500 | _aincudes index | ||
| 650 | _aLogistics | ||
| 700 |
_aLemay, Stephen _eauthor |
||
| 700 |
_aHanna, Joe B. _eauthor |
||
| 942 |
_2lcc _cBK _h38.5 _iBLO _kHD |
||